Apuntes de electrotecnia (Record no. 107169)

MARC details
000 -LEADER
campo de control de longitud fija 00649nam a2200193 i 4500
001 - NÚMERO DE CONTROL
campo de control 107169
003 - IDENTIFICADOR DE NÚMERO DE CONTROL
campo de control ES-MaACL
005 - FECHA Y HORA DE LA ÚLTIMA TRANSACCIÓN
campo de control 20230906184349.0
007 - CAMPO FIJO DE DESCRIPCIÓN FÍSICA--INFORMACIÓN GENERAL
campo de control de longitud fija t|
008 - DATOS DE LONGITUD FIJA--INFORMACIÓN GENERAL
campo de control de longitud fija 061121s1926 sp r ||||1| spa d
100 1# - ENTRADA PRINCIPAL--NOMBRE DE PERSONA
Nombre de persona Morillo y Farfán, José.
9 (RLIN) 83563
245 10 - MENCIÓN DEL TÍTULO
Título Apuntes de electrotecnia
Resto del título : con arreglo a las explicaciones del Profesor D. José Morillo Farfán.
260 ## - PUBLICACIÓN, DISTRIBUCIÓN, ETC.
Lugar de publicación, distribución, etc. Madrid :
Nombre del editor, distribuidor, etc. Litografía de F. Villagrasa,
Fecha de publicación, distribución, etc. 1926.
300 ## - DESCRIPCIÓN FÍSICA
Extensión 1036 p. ;
Dimensiones 22 cm.
500 ## - NOTA GENERAL
Nota general Impresión litográfica.
594 ## - Nota al título y mención de responsabilidad
Nota al título y mención de responsabilidad Precede al tít.: Escuela Central de Ingenieros Industriales.
650 #4 - PUNTO DE ACCESO ADICIONAL DE MATERIA--TÉRMINO DE MATERIA
Término de materia o nombre geográfico como elemento de entrada Electrotecnia.
9 (RLIN) 12169
852 ## - LOCALIZACIÓN
Ubicación ES-MaACL
Número de control de estantería A-1363
Holdings
Estatus retirado Estado de pérdida Estado de daño No para préstamo Biblioteca de origen Biblioteca actual Ubicación en estantería Fecha de adquisición Fuente de adquisición Total de préstamos Signatura topográfica completa Código de barras Visto por última vez Precio de reemplazo Tipo de ítem Koha
        Biblioteca del Ateneo de Madrid Biblioteca del Ateneo de Madrid Sala Pecera Planta 1 17/01/2008     A-1363 1111857 23/02/2023 23/02/2023 Libro impreso